|
|
|
|
| LEADER |
01287nam a2200361Ia 4500 |
| 001 |
EBC481153 |
| 003 |
MiAaPQ |
| 005 |
20200520144314.0 |
| 006 |
m o d | |
| 007 |
cr cn||||||||| |
| 008 |
090511s2009 nyu sb 001 0 eng d |
| 010 |
|
|
|z 2009017557
|
| 020 |
|
|
|z 9780415963343 (hardback)
|
| 020 |
|
|
|z 9780415963350 (pbk.)
|
| 020 |
|
|
|a 9780203866863 (electronic bk.)
|
| 035 |
|
|
|a (MiAaPQ)EBC481153
|
| 035 |
|
|
|a (Au-PeEL)EBL481153
|
| 035 |
|
|
|a (CaPaEBR)ebr10370196
|
| 035 |
|
|
|a (CaONFJC)MIL257645
|
| 035 |
|
|
|a (OCoLC)609642046
|
| 040 |
|
|
|a MiAaPQ
|c MiAaPQ
|d MiAaPQ
|
| 050 |
|
4 |
|a HD30.5
|b .W58 2009
|
| 100 |
1 |
|
|a Witzel, Morgen.
|
| 245 |
1 |
0 |
|a Management history
|h [electronic resource] :
|b text and cases /
|c Morgen Witzel.
|
| 260 |
|
|
|a New York, NY :
|b Routledge,
|c 2009.
|
| 300 |
|
|
|a xv, 462 p.
|
| 504 |
|
|
|a Includes bibliographical references and index.
|
| 533 |
|
|
|a Electronic reproduction. Ann Arbor, MI : ProQuest, 2015. Available via World Wide Web. Access may be limited to ProQuest affiliated libraries.
|
| 650 |
|
0 |
|a Management
|x History.
|
| 650 |
|
0 |
|a Management science
|x History.
|
| 655 |
|
4 |
|a Electronic books.
|
| 710 |
2 |
|
|a ProQuest (Firm)
|
| 856 |
4 |
0 |
|u https://ebookcentral.proquest.com/lib/matrademy/detail.action?docID=481153
|z Click to View
|